banner-ar

فهارس المكتبات الخطية النادرة / (Record no. 59610)

MARC details
000 -الفاتح
حقل البيانات ثابتة الطول 02673nam a2200565Ia 4500
008 - عناصر البيانات ثابتة الطول - معلومات عامة
حقل البيانات ثابتة الطول 140319s9999 xx 000 0 ara d
040 ## - مصدر الفهرسة
وكالة الفهرسة الأصلية GCL /
وكالة النسخ GCL
082 04 - رقم تصنيف ديوى العشرى
رقم التصنيف م
رقم المادة 091.1
-- م ف
100 1# - المدخل الرئيسى - إسم شخصى
الإسم الشخصى مصطفى احمد الباز
245 10 - بيان العنوان
العنوان فهارس المكتبات الخطية النادرة /
بيان المسئوليه,etc مصطفى احمد الباز
700 1# - المدخل الاضافى - اسم شخصى
الإسم الشخصى فهمى ادهم كارتاى
700 1# - المدخل الاضافى - اسم شخصى
الإسم الشخصى دى برسيل
700 1# - المدخل الاضافى - اسم شخصى
الإسم الشخصى دى لوجير
300 ## - الوصف المادى
التعداد 96 جزء
490 ## - بيان السلسلة
عنوان السلسلة مغامرات ظريف
رقم المجلد/ التعيين التسلسلي 0
650 04 - المدخل الاضافى بالموضوع-مصطلح موضوعى
مصطلح موضوعي المخطوطات
650 04 - المدخل الاضافى بالموضوع-مصطلح موضوعى
مصطلح موضوعي الفهارس
650 04 - المدخل الاضافى بالموضوع-مصطلح موضوعى
مصطلح موضوعي المكتبات
650 04 - المدخل الاضافى بالموضوع-مصطلح موضوعى
مصطلح موضوعي جامع الزيتونة
650 04 - المدخل الاضافى بالموضوع-مصطلح موضوعى
مصطلح موضوعي المجموعات النادرة
650 04 - المدخل الاضافى بالموضوع-مصطلح موضوعى
مصطلح موضوعي فهرست المخطوطات العربية الموجو
650 04 - المدخل الاضافى بالموضوع-مصطلح موضوعى
مصطلح موضوعي مخطوطات افغانستان
650 04 - المدخل الاضافى بالموضوع-مصطلح موضوعى
مصطلح موضوعي فهرست المخطوطات العربية الملكي
650 04 - المدخل الاضافى بالموضوع-مصطلح موضوعى
مصطلح موضوعي المكتبة الدوقية بغوتا- المانيا
650 04 - المدخل الاضافى بالموضوع-مصطلح موضوعى
مصطلح موضوعي المكتبة الجامعية الملكية فى تو
650 04 - المدخل الاضافى بالموضوع-مصطلح موضوعى
مصطلح موضوعي فهرست المخطوطات الشرقية بمكتبة
650 04 - المدخل الاضافى بالموضوع-مصطلح موضوعى
مصطلح موضوعي قائمة المخطوطات العربية فى مكت
650 04 - المدخل الاضافى بالموضوع-مصطلح موضوعى
مصطلح موضوعي فهرست المخطوطات الشرقية فى جام
650 04 - المدخل الاضافى بالموضوع-مصطلح موضوعى
مصطلح موضوعي ملحق فان لفهرس المخطوطات الاسل
650 04 - المدخل الاضافى بالموضوع-مصطلح موضوعى
مصطلح موضوعي قائمة وصفية للمخطوطات التى اقت
650 04 - المدخل الاضافى بالموضوع-مصطلح موضوعى
مصطلح موضوعي فهرست المخطوطات العربية فى قيص
650 04 - المدخل الاضافى بالموضوع-مصطلح موضوعى
مصطلح موضوعي كتبخانة عمومى دفتر مكتبة ابراه
650 04 - المدخل الاضافى بالموضوع-مصطلح موضوعى
مصطلح موضوعي فهرس المخطوطات فى مكتبة الاحمد
650 04 - المدخل الاضافى بالموضوع-مصطلح موضوعى
مصطلح موضوعي الدفتر القديم: دفتر المكتبة ال
650 04 - المدخل الاضافى بالموضوع-مصطلح موضوعى
مصطلح موضوعي فهرست الكتب الموجودة بالمكتبة
650 04 - المدخل الاضافى بالموضوع-مصطلح موضوعى
مصطلح موضوعي فهرس المخطوطات العربية والتركي
650 04 - المدخل الاضافى بالموضوع-مصطلح موضوعى
مصطلح موضوعي المكتبة الوطنية فهرس المخطوطات
650 04 - المدخل الاضافى بالموضوع-مصطلح موضوعى
مصطلح موضوعي قائمة لنوادر النخطوطات العربية
650 04 - المدخل الاضافى بالموضوع-مصطلح موضوعى
مصطلح موضوعي المخطوطات العربية والفارسية
650 04 - المدخل الاضافى بالموضوع-مصطلح موضوعى
مصطلح موضوعي فهرس المخطوطات العربية بوهار-ا
650 04 - المدخل الاضافى بالموضوع-مصطلح موضوعى
مصطلح موضوعي فهرس المخطوطات العربية امستردا
650 04 - المدخل الاضافى بالموضوع-مصطلح موضوعى
مصطلح موضوعي المختار من المخطوطات العربية
650 04 - المدخل الاضافى بالموضوع-مصطلح موضوعى
مصطلح موضوعي المخطوطات العربية فى الدنيا
650 04 - المدخل الاضافى بالموضوع-مصطلح موضوعى
مصطلح موضوعي المخطوطات العربية والاسلامية
650 04 - المدخل الاضافى بالموضوع-مصطلح موضوعى
مصطلح موضوعي فهرست وصفى للمخطوطات العربية ف
650 04 - المدخل الاضافى بالموضوع-مصطلح موضوعى
مصطلح موضوعي المخطوطات والاشرطة السواحلية
650 04 - المدخل الاضافى بالموضوع-مصطلح موضوعى
مصطلح موضوعي فهرست المخطوطات العربية التركي
942 ## - عناصر المدخل الإضافي( كوها)
مصدر التصنيف او مخطط الترفيف Dewey Decimal Classification
Koha [default] item type المراجع
Holdings
حالة التراجع حالة الفقد حالة تلف ليس للاعارة المكان المؤقت الموقع الحالى تاريخ الاكتساب اجمالي اﻻعارات رقم الطلب الباركود تاريخ اخر مشاهدة تاريخ تفعيل السعر نوع وعاء كوها
        مكتبة القاهرة الكبرى مكتبة القاهرة الكبرى 03/26/2014   م\091.1\م ف 157282 03/26/2014 03/26/2014 المراجع
        مكتبة القاهرة الكبرى مكتبة القاهرة الكبرى 03/26/2014   م\091.1\م ف 157283 03/26/2014 03/26/2014 المراجع
        مكتبة القاهرة الكبرى مكتبة القاهرة الكبرى 03/26/2014   م\091.1\م ف 157284 03/26/2014 03/26/2014 المراجع
        مكتبة القاهرة الكبرى مكتبة القاهرة الكبرى 03/26/2014   م\091.1\م ف 157285 03/26/2014 03/26/2014 المراجع
        مكتبة القاهرة الكبرى مكتبة القاهرة الكبرى 03/26/2014   م\091.1\م ف 157286 03/26/2014 03/26/2014 المراجع
        مكتبة القاهرة الكبرى مكتبة القاهرة الكبرى 03/26/2014   م\091.1\م ف 157287 03/26/2014 03/26/2014 المراجع
        مكتبة القاهرة الكبرى مكتبة القاهرة الكبرى 03/26/2014   م\091.1\م ف 157288 03/26/2014 03/26/2014 المراجع
        مكتبة القاهرة الكبرى مكتبة القاهرة الكبرى 03/26/2014   م\091.1\م ف 157289 03/26/2014 03/26/2014 المراجع

Powered By

EGPV